000 00578nam a2200229Ia 4500
003 OSt
005 20220928102147.0
006 a|||||r|||| 00| 0
007 ta
008 220927b |||||||| |||| 00| 0 eng d
024 _a37354
037 _cTextual
040 _aSDCL
_cSDCL
_beng
041 _2eng
_aeng
082 _aQ4596, N8
100 _aSevatee Nirupma
_9396873
245 0 _aZen aur Baajaar.
260 _aDelhi
_bGranth Bharati
_c1998
300 _a144p.
_ccm.
942 _hQ4596, N8
_cTEXL
_2CC
999 _c712640
_d712640